[Event "Hamburg Seniors-ch 20th"]
[Site "Hamburg"]
[Date "2013.11.07"]
[Round "9"]
[White "Krueger, Dietrich"]
[Black "Carl, Dieter"]
[Result "0-1"]
[WhiteElo "941"]
[BlackElo "1388"]
[PlyCount "112"]
[EventDate "2013.10.30"]
[EventType "swiss"]
[EventRounds "9"]
[EventCountry "GER"]
[SourceTitle "EXT 2015"]
[Source "ChessBase"]
[SourceDate "2014.11.20"]
[SourceVersion "1"]
[SourceVersionDate "2014.11.20"]
[SourceQuality "1"]

1. e4 c5 2. Bc4 d6 3. f4 g6 4. Nf3 Nf6 5. Nc3 Bg7 6. a3 Bg4 7. h3 Bxf3 8. Qxf3 e6 9. d3 Nc6 10. Be3 a6 11. 0-0-0 b5 12. Ba2 Rc8 13. g4 b4 14. Ne2 bxa3 15. bxa3 Qa5 16. Bb3 Qxa3+ 17. Kd2 Qb4+ 18. Nc3 Nd4 19. Qf2 Nb5 20. Ba4 Qxc3+ 21. Ke2 Ke7 22. f5 Nd7 23. Rhf1 Nd4+ 24. Bxd4 Bxd4 25. Qf4 Be5 26. Qf3 f6 27. fxe6 Nb6 28. Bb3 Rhf8 29. g5 c4 30. d4 Qxf3+ 31. Rxf3 cxb3 32. Rxb3 Rxc2+ 33. Kd3 Rfc8 34. dxe5 dxe5 35. Rf1 f5 36. exf5 gxf5 37. Rxf5 R2c6 38. Rxe5 Rd8+ 39. Ke4 Rdd6 40. Kf5 Rd4 41. Rg3 Nc8 42. g6 Nd6+ 43. Kg5 hxg6 44. Kxg6 Rc8 45. Kg7 Rh4 46. Rf3 Rhh8 47. Rf7+ Nxf7 48. exf7+ Kd6 49. Re8 Rhxe8 50. fxe8Q Rxe8 51. h4 a5 52. h5 a4 53. h6 a3 54. h7 a2 55. h8Q Rxh8 56. Kxh8 a1Q+ 0-1

[Event "Hamburg Seniors-ch 20th"]
[Site "Hamburg"]
[Date "2013.11.04"]
[Round "6"]
[White "Carl, Dieter"]
[Black "Behrensen Senfft, Joern"]
[Result "0-1"]
[WhiteElo "1388"]
[BlackElo "1521"]
[PlyCount "90"]
[EventDate "2013.10.30"]
[EventType "swiss"]
[EventRounds "9"]
[EventCountry "GER"]
[SourceTitle "EXT 2015"]
[Source "ChessBase"]
[SourceDate "2014.11.20"]
[SourceVersion "1"]
[SourceVersionDate "2014.11.20"]
[SourceQuality "1"]

1. d4 e6 2. c4 d5 3. g3 Nf6 4. Bg2 c5 5. Nf3 cxd4 6. cxd5 Bb4+ 7. Bd2 Bxd2+ 8. Qxd2 exd5 9. Nxd4 0-0 10. Nc3 Be6 11. 0-0 Nbd7 12. f3 a6 13. a4 Rc8 14. Rab1 Qb6 15. e3 Rfe8 16. Kh1 Ne5 17. b3 Qb4 18. Rfc1 Re7 19. Rb2 Rec7 20. Rbc2 Bd7 21. f4 Neg4 22. h3 Nf2+ 23. Kh2 g6 24. g4 Nd1 25. Nde2 Nxc3 26. Nxc3 Qxb3 27. g5 Ne4 28. Bxe4 dxe4 29. Qd4 Qe6 30. Kg3 Qxh3+ 31. Kf2 Qh2+ 32. Ke1 Qg1+ 33. Kd2 Qf2+ 34. Ne2 Rxc2+ 35. Rxc2 Rxc2+ 36. Kxc2 Qxe2+ 37. Kc1 Qd3 38. Qc5 Bc6 39. a5 Qd5 40. Qc3 Bb5 41. Qc8+ Kg7 42. Qc3+ Kf8 43. Qh8+ Ke7 44. Qf6+ Kd7 45. Qc3 Qc6 0-1